000 00579nam a2200205 i 4500
001 43993
003 ES-MaACL
005 20230906160926.0
007 t|
008 030320s1967 sp a |||| | spa d
080 _a76.026
100 1 _aCaza, Michel.
_937219
245 1 0 _aTécnicas de serigrafía /
_cMichel Caza ; [traducido por Julio Pérez-Cela].
250 _a1ª ed.
260 _aBarcelona :
_bBlume,
_c1967.
300 _a356 p., 2 lám. :
_bil. ;
_c24 cm.
650 4 _aSerigrafía.
_9157672
700 1 _aPérez-Cela, Julio.
_990726
852 _aES-MaACL
_jC-34026
999 _c43993
_d43993